| 000 | 00000nam 2200000za 4500 |
| 001 | 9.675635 |
| 003 | CaOODSP |
| 005 | 20250307103437 |
| 007 | cr ||||||||||| |
| 008 | 150407|2008||||xxc|||||o f|0| 0 vie d |
| 040 | |aCaOODSP|beng |
| 043 | |an-cn--- |
| 086 | 1 |aFs23-452/2008Vie-PDF|zFs23-452/2008Nam-PDF |
| 110 | 1 |aCanada. |bDepartment of Fisheries and Oceans. |
| 245 | 10|a[Sport fishing guidelines for crab] |h[electronic resource]. |
| 250 | |a[Vietnamese edition]. |
| 260 | |aVancouver - British Columbia : |bFisheries and Oceans Canada |cc2008. |
| 300 | |a2p.|bcoloured illus., photographs |
| 500 | |aIncorrect catalogue number (Fs23-452/2008V) and ISBN (0-662-39275-2) printed in this publication. |
| 546 | |aText in Vietnamese. |
| 590 | |a12-02-Supp|b2012-01-20 |
| 690 | 07|aFishing (Sport)|2gcpds |
| 792 | |t[Consignes à respecter concernant la pêche au crabe] |efre|w(CaOODSP)9.675636 |
| 856 | 40|ahttp://publications.gc.ca|qPDF|s291 KB|uhttps://publications.gc.ca/collections/collection_2012/mpo-dfo/Fs23-452-2008-vie.pdf |